00836nam a22002177a 4500003000400000005001700004008004100021020001800062040000900080245010200089260009100191300001100282650003500293650005900328650003400387700003400421700004000455942001300495999001500508952009500523OSt20130613121030.0130613s2010 sp ||||| |||| 00| 0 gag d a9788461417063 cCDMR aClaves para unha información non sexistacLuís Álvarez Pousa, Belén Puñal Rama (coord.) aSantiago de CompostelabAtlántica de Información e Comunicación de Galiciac2010 a209 p.0493768aSexisme en el llenguatge0493769aSexisme en els mitjans de comunicació de massa0493158aPeriodisme i llenguatge1 93766aÁlvarez Pousa, Luís1 93767aPuñal Rama, Belénecoord. 2udccMON c6457d6457 00104070aCDMRbCDMRd2013-01-16l0oCi 1 /30pCDMR13066685r2013-06-13w2013-06-13yMON